Antenna design for mobile devices / (Record no. 189232)

000 -LEADER
fixed length control field 00974 a2200241 4500
003 - CONTROL NUMBER IDENTIFIER
control field Nust
005 - DATE AND TIME OF LATEST TRANSACTION
control field 20221223192353.0
010 ## - LIBRARY OF CONGRESS CONTROL NUMBER
LC control number 2010047251
020 ## - INTERNATIONAL STANDARD BOOK NUMBER
International Standard Book Number 0470824468 (cloth)
020 ## - INTERNATIONAL STANDARD BOOK NUMBER
International Standard Book Number 9780470824467 (cloth)
035 ## - SYSTEM CONTROL NUMBER
System control number (OCoLC)ocn693553938
040 ## - CATALOGING SOURCE
Transcribing agency Nust
082 00 - DEWEY DECIMAL CLASSIFICATION NUMBER
Classification number 621.384135,ZAH
100 1# - MAIN ENTRY--PERSONAL NAME
Personal name Zhang, Zhijun,
9 (RLIN) 68452
245 10 - TITLE STATEMENT
Title Antenna design for mobile devices /
Statement of responsibility, etc. Zhijun Zhang.
260 ## - PUBLICATION, DISTRIBUTION, ETC.
Place of publication, distribution, etc. Singapore :
Name of publisher, distributor, etc. John Wiley & Sons (Asia),
Date of publication, distribution, etc. 2011.
300 ## - PHYSICAL DESCRIPTION
Extent xviii, 280 p. :
Other physical details ill. ;
Dimensions 26 cm.
505 ## - FORMATTED CONTENTS NOTE
Formatted contents note Introduction (Page-1), Antenna Matching (Page-19), External Antennas (Page-59), Internal Antenna (Page-139), Antenna Measurement (Page-189), Regulations Related To Antenna Engineers (Page-239).
650 #0 - SUBJECT ADDED ENTRY--TOPICAL TERM
Topical term or geographic name entry element Miniature electronic equipment
General subdivision Design and construction.
9 (RLIN) 105789
650 #0 - SUBJECT ADDED ENTRY--TOPICAL TERM
Topical term or geographic name entry element Mobile communication systems
General subdivision Equipment and supplies
-- Design and construction.
9 (RLIN) 105790
650 #0 - SUBJECT ADDED ENTRY--TOPICAL TERM
Topical term or geographic name entry element Telecommunication engineering
942 ## - ADDED ENTRY ELEMENTS (KOHA)
Koha item type Reference
Source of classification or shelving scheme
Holdings
Withdrawn status Lost status Source of classification or shelving scheme Damaged status Not for loan Permanent Location Current Location Shelving location Date acquired Full call number Barcode Date last seen Price effective from Koha item type Public note Total Checkouts
          Military College of Signals (MCS) Military College of Signals (MCS) General Stacks 12/12/2016 621.384135,ZHA MCS35007 12/08/2016 12/12/2016 Book Almirah No.38, Shelf No.5  
          Military College of Signals (MCS) Military College of Signals (MCS) General Stacks 12/23/2022 621.384135,ZAH MCS35028 12/23/2022 12/23/2022 Book Almirah No.38, Shelf No.5  
© 2023 Central Library, National University of Sciences and Technology. All Rights Reserved.